| 000 | 01378nam2a2200253 4500 | ||
|---|---|---|---|
| 001 | RU\NLR\BIBL_A\011596703 | ||
| 005 | 20250626095247.0 | ||
| 010 |
_a978-5-9500603-2-8 _917 |
||
| 021 |
_aRU _b2017-96254 _96919 |
||
| 035 | _a(NLR Aleph) 011596703 | ||
| 090 |
_a10865413 _c10865413 |
||
| 100 | _a20180117d2017 |||y0rusy50 ca | ||
| 101 | 0 | _arus | |
| 102 | _aRU | ||
| 105 | _aa i 000zy | ||
| 200 | 0 | _a2016 | |
| 210 |
_d2017 _aБ. м. |
||
| 215 |
_a88 с. _cил., табл. |
||
| 461 | 0 |
_1001RU\NLR\BIBL_A\010664220 _12001#$aЛесной комплекс Иркутской области$eстатистический сборник$fФедер. служба гос. статистики, Территориал. орган Федер. службыгос. статистики по Иркут обл. ( Иркутстат)$g[редкол.: И.В. Иванова и др.]$v2016 _99579413 _cИркутск _d2013 _fФедер. служба гос. статистики, Территор. орган Федер. службы гос. статистики по Иркут. обл. (Иркутскстат) _nИркутскстат _oстатистический сборник _p20 _tЛесной комплекс Иркутской области _v2016 |
|
| 852 |
_aNLR _j2014-4/4323 |
||
| 942 | _cBOOK | ||
| 980 | _aNB | ||